000 00997nam a22002417a 4500
003 PE SENCICO BE
005 20251020182645.0
008 231030b |||||||| |||| 00| 0 eng d
040 _aPE SENCICO BE
_cPE SENCICO BE
041 _aspa
084 _aI
_aCOM
_a2015
_bB39
100 1 _91740
_aBernaola Chicon, Jorge Ernesto Gregorio
_eautor
245 1 _aAulas virtuales /
_cJorge Ernesto Gregorio Bernaola Chicon
260 _aLima :
_c2015
300 _a49 h. :
_btabls.,
_c30 cm.
502 _aMonografía de Titulación.-- Servicio Nacional de Capacitación para la Industria de la Construcción. Escuela Superior Técnica. Carrera Profesional Técnica en Computación e Informática, 2015
650 1 0 _91741
_aTecnología educativa
650 2 0 _91742
_aInnovaciones educativas
650 2 0 _91743
_aInternet en la educación
710 1 _aServicio Nacional de Capacitación para la Industria de la Construcción.
_bEscuela Superior Técnica
_91065
910 _bhfp
_chfp
942 _cMON
999 _c4411
_d4411